000
00218nam a22000857a 4500
008
160805b xxu||||| |||| 00| 0 eng d
100
_9
39
_a
Shreelatha A.P
245
_a
Physics-IX
260
_a
New Delhi
_b
Arya Publication
_c
2008
999
_c
2690
_d
2690